Statistics for 天津地铁关于城池、城门的站名/地名

Click here to take the quiz!

General Stats

  • This quiz has been taken 8 times
  • The average score is 7 of 9

Answer Stats

1号线车站% Correct
西南角
88%
西北角
88%
西南角
88%
东南角
88%
东南角
88%
复兴门
63%
中山门
63%
民权门
50%
军粮城
50%

Score Distribution

Percentile by Number Answered

Percent of People with Each Score

Your Score History

You have not taken this quiz